000 00526cam a2200181 4500
001 D1404
008 090401t1982 xxu||||| |||| 00| 0 eng d
035 _a(Sirsi) u63864
041 _aeng
050 _a711.5520212
110 _aBernard Thorpe and Partners
_92958
245 _aIndustrial floorspace: a major survey of vacant buildings in Greater London, prepared by Robert S. Langton
260 _aLondon
_bBernard Thorpe and Partners
_c1982
300 _a48p. 30cm
350 _a20
942 _n0
948 _c04/03/1997
999 _c94615
_d94615